| 000 | 00636nam a2200217 u 4500 | ||
|---|---|---|---|
| 005 | 20240910063939.0 | ||
| 008 | 091208s2005 es r 000 0 spa d | ||
| 020 | _a8426359485 | ||
| 035 | _aUPN01000174202 | ||
| 049 | _aI | ||
| 050 | 4 |
_aPZ74.9 _bA4.6 |
|
| 100 | 1 |
_aAlonso, Manuel Luis, _d1948- _930691 |
|
| 245 | 1 | 0 |
_aRumbo sur / _cManuel L. Alonso ; il. Elena Odriozola. |
| 260 |
_aZaragoza, Esp. : _bEdelvives, _c2005. |
||
| 300 |
_a114 p. : _bil. |
||
| 440 | 0 |
_aAla delta. _pVerde ; _v50 |
|
| 650 | 4 |
_aCuentos infantiles españoles _97725 |
|
| 650 | 4 |
_aNiños en la literatura _914415 |
|
| 905 | _aInfantil | ||
| 999 |
_c146306 _d146306 |
||